| 000 | 00779nam a2200229 a 4500 | ||
|---|---|---|---|
| 001 | 39661 | ||
| 003 | BD-RjUL | ||
| 005 | 20211209053033.0 | ||
| 008 | 160416s1956 bg |||e |||| 000 0 ben d | ||
| 020 | _c: 1.10.00 | ||
| 035 | _a(BD-RjUL)39774 | ||
| 040 |
_aBD-RjUL _bben _cBD-RjUL |
||
| 041 | _aben | ||
| 082 |
_223 _aB 891.442 _bUDM 1956 |
||
| 100 |
_aউদ্দীন, জসীম _9119316 |
||
| 245 | 1 | 0 |
_aমধুমালা [লোকনাট্য] / _cজসীম উদ্দীন |
| 260 |
_aঢাকা : _bসেখ মনিরুদ্দীন এণ্ড কোং, _c১৯৫৬. |
||
| 300 |
_a[৬], ১০৪; _c২১ সেমি. |
||
| 650 |
_aবাংলা নাটক _9122155 |
||
| 650 |
_aBengali Literature _9122156 |
||
| 942 |
_2ddc _cBK |
||
| 999 |
_c39661 _d39661 |
||